000 00557nam a2200181 i 4500
001 103009
003 ES-MaACL
005 20230906183238.0
007 t|
008 051226s1883 sp ||||1| spa d
080 _a336.14
100 1 _aTinajero Martínez, Vicente.
_9110300
245 1 0 _aTeoría de los presupuestos y su ejecución /
_cpor Vicente Tinajero Martínez.
260 _aMadrid :
_b[s.n.],
_c1883 (
_fTip. de Manuel G. Hernández)
300 _a35 p. ;
_c24 cm.
650 _aPresupuestos.
_916398
852 _aES-MaACL
_j2201-F-2
_bR.136537
999 _c103009
_d103009